Fr. Conceicao Rodrigues College of Engineering

Programming & Coding Digital computers (Record no. 22263)

MARC details
000 -LEADER
fixed length control field 00310nam a2200133Ia 4500
082 ## - DEWEY DECIMAL CLASSIFICATION NUMBER
Classification number 1.6
100 ## - MAIN ENTRY--PERSONAL NAME
Personal name Shernman Philip M
245 ## - TITLE STATEMENT
Title Programming & Coding Digital computers
260 ## - PUBLICATION, DISTRIBUTION, ETC.
Name of publisher, distributor, etc. Wiley Eastern Pvt. Ltd.
Date of publication, distribution, etc. 2001
300 ## - PHYSICAL DESCRIPTION
Extent 444
546 ## - LANGUAGE NOTE
Language note ENGLISH
654 ## - SUBJECT ADDED ENTRY--FACETED TOPICAL TERMS
Focus term Digital Computers
942 ## - ADDED ENTRY ELEMENTS (KOHA)
Koha item type BOOK
Holdings
Withdrawn status Lost status Damaged status Not for loan Collection Home library Current library Date acquired Cost, normal purchase price Inventory number Total Checkouts Full call number Barcode Date last seen Cost, replacement price Price effective from Koha item type
        AFT Fr. Agnel's C.Rodrigues College of Engineering Fr. Agnel's C.Rodrigues College of Engineering 17/03/2023 19.50 1506   1.6 AFT970 17/03/2023 19.50 17/03/2023 BOOK